书目信息 |
| 题名: |
定量分析简明教程
|
|
| 作者: | 赵士铎 主编 | |
| 分册: | ||
| 出版信息: | 北京 中国农业大学出版社 2001.04 |
|
| 页数: | 257页 | |
| 开本: | 23cm | |
| 丛书名: | 面向21世纪课程教材 | |
| 单 册: | ||
| 中图分类: | O655 | |
| 科图分类: | ||
| 主题词: | 定量分析--ding liang fen xi--高等学校--教材 | |
| 电子资源: | ||
| ISBN: | 7-81066-333-X | |
| 000 | 00904nam 2200253 450 | |
| 001 | 012007478406 | |
| 005 | 20070515153425.78 | |
| 010 | @a7-81066-333-X@dCNY21.00 | |
| 100 | @a20070117d2001 km y0chiy0120 ea | |
| 101 | 0 | @achi |
| 102 | @aCN@b110000 | |
| 105 | @ay a 000yy | |
| 200 | 1 | @a定量分析简明教程@Ading liang fen xi jian ming jiao cheng@f赵士铎主编@Fzhao shi duo zhu bian |
| 210 | @a北京@c中国农业大学出版社@d2001.04 | |
| 215 | @a257页@d23cm | |
| 225 | 2 | @a面向21世纪课程教材@Amian xiang 21 shi ji ke cheng jiao cai |
| 320 | @a有书目。 | |
| 330 | @a本书包括定量分析的误差和数据处理,滴定分析法概述,酸碱滴定法,氧化还原滴定法,吸光光度法,定量分析实验基本知识等内容。 | |
| 410 | 0 | @12001 @a面向21世纪课程教材 |
| 606 | 0 | @a定量分析@Ading liang fen xi@x高等学校@j教材 |
| 690 | @aO655@v4 | |
| 701 | 0 | @a赵士铎@Azhao shi duo@4主编 |
| 801 | 0 | @aCN@c20070515 |
| 905 | @a10447@dO655@eZ320 | |
| 定量分析简明教程/赵士铎主编.-北京:中国农业大学出版社,2001.04 |
| 257页;23cm.-(面向21世纪课程教材) |
| ISBN 7-81066-333-X:CNY21.00 |
| 本书包括定量分析的误差和数据处理,滴定分析法概述,酸碱滴定法,氧化还原滴定法,吸光光度法,定量分析实验基本知识等内容。 |
| ● |
| 相关链接 |
|
|
|
正题名:定量分析简明教程
索取号:O655/Z320
 
预约/预借
| 序号 | 登录号 | 条形码 | 馆藏地/架位号 | 状态 | 备注 |
| 1 | 235147 | 202351472 | 自科库401/401自科库 65排7列4层/ [索取号:O655/Z320] | 在馆 | |
| 2 | 235148 | 202351481 | 自科库401/ [索取号:O655/Z320] | 在馆 |